Statistics for Countries That Border 'Republic' Countries

Click here to take the quiz!

General Stats

  • This quiz has been taken 43 times
  • The average score is 23 of 25

Answer Stats

HintAnswer% Correct
Czech RepublicSlovakia
100%
Czech RepublicAustria
97%
Czech RepublicGermany
97%
Dominican RepublicHaiti
97%
Rep. of the CongoAngola
95%
D.R.CongoAngola
95%
Rep. of the CongoCameroon
95%
Central African RepublicCameroon
95%
Central African RepublicD.R.Congo
95%
Rep. of the CongoD.R.Congo
95%
D.R.CongoRwanda
95%
D.R.CongoUganda
95%
D.R.CongoBurundi
92%
Central African RepublicChad
92%
D.R.CongoRep. of the Congo
92%
Central African RepublicRep. of the Congo
92%
D.R.CongoTanzania
92%
D.R.CongoZambia
92%
Czech RepublicPoland
90%
Central African RepublicSouth Sudan
90%
D.R.CongoSouth Sudan
90%
Central African RepublicSudan
90%
Rep. of the CongoGabon
87%
Rep. of the CongoCentral African Republic
85%
D.R.CongoCentral African Republic
85%

Score Distribution

Percentile by Number Answered

Percent of People with Each Score

Your Score History

You have not taken this quiz